000
00250nam a22001097a 4500
008
240711b |||||||| |||| 00| 0 eng d
100
_a
S. Sarkar
245
_a
Criminal Major Acts
260
_a
Delhi
_b
Lexman
_c
2024
300
_a
681
942
_2
ddc
_c
BK
999
_c
20762
_d
20762